Marketing vysokých škôl a aktuálne výzvy v súvislosti s internacionalizáciou vysokoškolského vzdelávania

Komparatívna analýza rôznych teoretických prístupov k vymedzeniu termínov a úlohy marketingu vo vysokoškolskom vzdelávaní.

Guardado en:
Detalles Bibliográficos
Autor principal: Bikárová, Eva
Formato: Capítulo de libro
Lenguaje:eslovaco
Materias:
Etiquetas: Agregar Etiqueta
Sin Etiquetas, Sea el primero en etiquetar este registro!

MARC

LEADER 00000naa a2200000 4500
001 0198342
005 20240502073341.8
041 0 |a slo 
044 |a SK 
245 1 0 |a Marketing vysokých škôl a aktuálne výzvy v súvislosti s internacionalizáciou vysokoškolského vzdelávania  |c Eva Bikárová 
520 |a Komparatívna analýza rôznych teoretických prístupov k vymedzeniu termínov a úlohy marketingu vo vysokoškolskom vzdelávaní. 
610 2 0 |a školy vysoké 
610 2 0 |a vzdelávanie vysokoškolské 
610 2 0 |a internacionalizácia 
610 2 0 |a marketing 
610 2 0 |a stratégia marketingová 
100 1 |a Bikárová, Eva